[Event "Alexandria op 22nd"]
[Site "Alexandria"]
[Date "2017.08.05"]
[Round "5"]
[White "Ameir, Moheb"]
[Black "Anwar, Ashraf"]
[Result "1-0"]
[WhiteElo "2395"]
[BlackElo "2114"]
[PlyCount "109"]
[EventDate "2017.08.02"]
[EventType "swiss"]
[EventRounds "10"]
[EventCountry "EGY"]
[SourceTitle "CBM 180 Extra"]
[Source "ChessBase"]
[SourceDate "2017.10.06"]
[SourceVersion "1"]
[SourceVersionDate "2017.10.06"]
[SourceQuality "1"]

1. e4 c5 2. Nf3 d6 3. Bb5+ Nd7 4. 0-0 Ngf6 5. Re1 e6 6. d4 cxd4 7. Qxd4 a6 8. Bxd7+ Bxd7 9. Nc3 Be7 10. Bg5 Bc6 11. Rad1 0-0 12. Bxf6 Bxf6 13. Qxd6 Qxd6 14. Rxd6 Bxc3 15. bxc3 Rac8 16. Nd4 Ba4 17. Re3 e5 18. Nb3 f6 19. Kf1 Kf7 20. Ke1 Ke7 21. Rb6 Rc7 22. Kd2 Bb5 23. Na5 Rb8 24. Kc1 Bc4 25. Kb2 Rc5 26. Nxc4 Rxc4 27. Kb3 Rc6 28. Rb4 b5 29. a4 Rc5 30. Rg3 Kf7 31. c4 bxc4+ 32. Kc3 Rbc8 33. Rb7+ R5c7 34. Rxc7+ Rxc7 35. Kb4 Rd7 36. Rc3 Rd2 37. Ka5 Rxf2 38. Kxa6 Rxg2 39. Kb5 Rxh2 40. a5 Rh1 41. Rxc4 Rb1+ 42. Rb4 Ra1 43. a6 h5 44. Ra4 Rb1+ 45. Kc6 Rb8 46. a7 Ra8 47. Kb7 Rxa7+ 48. Rxa7 g5 49. Ra1 g4 50. Rg1 f5 51. c4 f4 52. c5 f3 53. c6 f2 54. Rf1 g3 55. c7 1-0

[Event "Alexandria op 22nd"]
[Site "Alexandria"]
[Date "2017.08.03"]
[Round "2"]
[White "Anwar, Ashraf"]
[Black "Gabr, Mohsen"]
[Result "0-1"]
[WhiteElo "2114"]
[BlackElo "2313"]
[PlyCount "52"]
[EventDate "2017.08.02"]
[EventType "swiss"]
[EventRounds "10"]
[EventCountry "EGY"]
[SourceTitle "CBM 180 Extra"]
[Source "ChessBase"]
[SourceDate "2017.10.06"]
[SourceVersion "1"]
[SourceVersionDate "2017.10.06"]
[SourceQuality "1"]

1. e4 c5 2. Nf3 g6 3. d4 cxd4 4. Nxd4 Bg7 5. Nc3 Nc6 6. Be3 Nf6 7. Nxc6 bxc6 8. Be2 0-0 9. 0-0 d5 10. e5 Nd7 11. f4 e6 12. Na4 Qa5 13. c3 Ba6 14. Bxa6 Qxa6 15. Nc5 Nxc5 16. Bxc5 Rfb8 17. b4 Bf8 18. Bxf8 Rxf8 19. Qg4 Qc4 20. Rf3 a5 21. Rh3 axb4 22. Qh4 h5 23. Qg5 Rxa2 24. Rc1 b3 25. Rxh5 Qc5+ 26. Kh1 b2 0-1

[Event "Cairo Egyptian op"]
[Site "Cairo"]
[Date "2016.04.24"]
[Round "4"]
[White "Eldisy, Mohamed"]
[Black "Anwar, Ashraf"]
[Result "0-1"]
[WhiteElo "1898"]
[BlackElo "2060"]
[PlyCount "71"]
[EventDate "2016.04.22"]
[EventType "swiss"]
[EventRounds "9"]
[EventCountry "EGY"]
[SourceTitle "CBM 172 Extra"]
[Source "ChessBase"]
[SourceDate "2016.06.21"]
[SourceVersion "1"]
[SourceVersionDate "2016.06.21"]
[SourceQuality "1"]

1. d4 Nf6 2. c4 e6 3. Nc3 Bb4 4. e3 b6 5. Nf3 Bb7 6. Bd3 Ne4 7. Bxe4 Bxe4 8. 0-0 Bb7 9. d5 0-0 10. e4 Re8 11. Qc2 e5 12. a3 Bf8 13. Bg5 Qc8 14. b4 a5 15. b5 d6 16. Nd2 Qg4 17. Be3 g5 18. f3 Qh5 19. g4 Qg6 20. Rf2 Nd7 21. Nf1 Be7 22. Ng3 Nf8 23. Nf5 Bc8 24. Nxe7+ Rxe7 25. Qd2 f6 26. h4 gxh4 27. Rh2 h5 28. Rxh4 hxg4 29. fxg4 Rh7 30. Rxh7 Nxh7 31. Kf2 Bxg4 32. Rg1 Kf7 33. Ke1 Rg8 34. Nd1 Qxe4 35. Rg3 Qh1+ 36. Bg1 0-1

[Event "Tanta op 5th"]
[Site "Tanta"]
[Date "2002.05.13"]
[Round "1"]
[White "Anwar, Ashraf"]
[Black "Halkias, Stelios"]
[Result "0-1"]
[WhiteElo "2128"]
[BlackElo "2566"]
[PlyCount "98"]
[EventDate "2002.05.13"]
[EventType "swiss"]
[EventRounds "9"]
[EventCountry "EGY"]
[SourceTitle "CBM 088 Extra"]
[Source "ChessBase"]
[SourceDate "2002.07.01"]
[SourceVersion "2"]
[SourceVersionDate "2002.07.01"]
[SourceQuality "1"]

1. e4 c5 2. Nf3 Nc6 3. d3 e6 4. Nbd2 d5 5. g3 Bd6 6. Bg2 Nge7 7. 0-0 0-0 8. c3 Bc7 9. Re1 b6 10. exd5 exd5 11. Nb3 Bf5 12. d4 c4 13. Nbd2 Qd7 14. Nf1 h6 15. Bd2 Rae8 16. Ne3 Be6 17. b3 b5 18. bxc4 bxc4 19. Rb1 Rb8 20. Qc2 f5 21. Rxb8 Bxb8 22. Nf1 f4 23. Bxf4 Bxf4 24. gxf4 Rxf4 25. Ng3 Bf7 26. Qd2 Rf6 27. Ne5 Nxe5 28. dxe5 Rg6 29. f4 h5 30. f5 Nxf5 31. e6 Rxe6 32. Rxe6 Qxe6 33. Bxd5 Qb6+ 34. Kh1 Qb1+ 35. Kg2 Ne3+ 36. Qxe3 Bxd5+ 37. Kh3 Qg6 38. Qf4 Qc2 39. Nxh5 Qxc3+ 40. Kh4 Qe1+ 41. Ng3 Qe7+ 42. Qg5 Qd6 43. Qe3 Qf6+ 44. Kh3 Bf3 45. Nf1 c3 46. Kg3 c2 47. Qb3+ Kh8 48. Qxc2 Bc6 49. Qf2 Qg5+ 0-1